Spotrebiteľské správanie pri nákupe vína diplomová práca

Guardado en:
Detalles Bibliográficos
Autor principal: Šrenkel, Peter
Autor Corporativo: Obchodná fakulta EU. Katedra medzinárodného obchodu
Otros Autores: Honaizer Svobodová, Valéria
Formato: Libro
Lenguaje:eslovaco
Publicado: Bratislava 2015
Etiquetas: Agregar Etiqueta
Sin Etiquetas, Sea el primero en etiquetar este registro!

MARC

LEADER 00000nbm a2200000 4500
001 0201541
005 20161212104802.0
041 0 |a slo 
044 |a SK 
245 1 0 |a Spotrebiteľské správanie pri nákupe vína  |b diplomová práca  |c Peter Šrenkel ; školiteľ: Valéria Honaizer Svobodová 
264 1 |a Bratislava  |c 2015 
300 |a 89 s. 
100 1 |a Šrenkel, Peter 
700 1 |a Honaizer Svobodová, Valéria 
710 2 |a Obchodná fakulta EU. Katedra medzinárodného obchodu